Co to za transfer #1 #Ekstraklasa - Statystyki

Ogólne statystyki
  • Ten quiz został rozwiązany 44 razy
  • Średni wynik to 5 z 12
Statystyki odpowiedzi
Rok transferu Z Do Wartość € Występy w lidze (I skład) Gole/Żółte kartki Odpowiedź % Poprawnych
2025 (styczeń) Radomiak Raków Częstochowa 700 000 17 11 / 2 Leonardo Rocha
75%
2015 Jagiellonia Białystok Legia Warszawa 700 000 27 2 / 7 Michał Pazdan
68%
2023 Górnik Zabrze Sturm Graz 2 200 000 18 9 / 4 Szymon Włodarczyk
63%
2014 Legia Warszawa Toulouse 2 650 000 12 0 / 3 Dominik Furman
50%
2024 Warta Poznań Zagłębie Lubin 115 000 30 7 / 4 Kajetan Szmyt
50%
2011 Polonia Warszawa Hannover 96 1 100 000 22 9 / 2 Artur Sobiech
40%
2018 Górnik Zabrze Dinamo Zagrzeb 400 000 35 9 / 1 Damian Kądzior
40%
2019 Cracovia Kraków Pogoń Szczecin 125 000 10 0 / 2 Damian Dąbrowski
25%
2022 Panathinaikos Legia Warszawa 400 000 15 10 / 3 Carlitos
23%
2016 Pogoń Szczecin Legia Warszawa 500 000 33 1 / 4 Jakub Czerwiński
20%
2017 Piast Gliwice US Palermo 650 000 33 2 / 6 Radosław Murawski
18%
2016 Górnik Zabrze Termalica Bruk-Bet Nieciecza 50 000 35 10 / 5 Roman Gergel
13%
Nie znaleziono quizów pasujących do podanych kryteriów
Rozkład punktacji
Procent ludzi z każdym wynikiem
Percentyl według liczby udzielonych odpowiedzi
Twoja historia wyników
Nie rozwiązałeś tego quizu